000 00643nam a2200205 i 4500
001 96044
003 ES-MaACL
005 20230906181827.0
007 t|
008 050609s1980 sp ||||1| spa d
100 1 _aMadariaga, Luis de.
_975289
245 1 0 _aDiccionario temático [de] términos literarios /
_cLuis de Madariaga.
260 _aMadrid :
_bEverest,
_c1980.
300 _a568 p., 3 h. :
_bil. ;
_c17 cm.
490 1 _aDiccionarios temáticos Everest
650 0 4 _aLiteratura-
_vDiccionarios.
_914484
830 0 _aDiccionarios temáticos Everest
_9184378
852 _aES-MaACL
_jA-11010
_bR.102118
999 _c96044
_d96044